| 000 | 00458nam a2200193Ia 4500 | ||
|---|---|---|---|
| 003 | OSt | ||
| 005 | 20251118144648.0 | ||
| 008 | 250729s1928 xx 000 0 und d | ||
| 020 | _a9789395638340 | ||
| 040 | _cAL | ||
| 041 | _aeng | ||
| 082 | _a150 RAMO | ||
| 100 |
_aRamachandran K _9224493 |
||
| 245 | _a outline of the essentials of psychology | ||
| 260 |
_aMangalore _c1928 |
||
| 300 | _a122p | ||
| 650 |
_aPsychology _9224494 |
||
| 942 |
_2ddc _cBED |
||
| 999 |
_c236437 _d236437 |
||